Clubs de Liga Portugal - Statistiques

Statistiques générales
  • Ce quiz a été pris 117 fois
  • Le résultat moyen est 13 sur 18
Statistiques - réponses
Par images Réponse % Correct
Benfica
100%
FC Porto
100%
Sporting Portugal
99%
Braga
97%
Vitoria Guimarães
80%
Rio Ave
73%
Casa Pia
72%
Gil Vicente
72%
Estoril
70%
Santa Clara
66%
Nacional Madeira
65%
Arouca
64%
Tondela
61%
Moreirense
59%
Estrela Amadora
58%
Famalicão
58%
AVS
48%
Alverca
42%
Aucun quiz correspondant
Distribution des résultats
% des personnes avec chaque résultat
Percentile par nombre de réponses
Votre historique - résultats
Vous n’avez pas pris ce quiz